000 00946nam a2200265Ia 4500
001 dia_3228
003 CHAP
005 20251029161635.0
008 220117s1984 xx 000 0 und d
010 _a173727
040 _cCHAP
_amxchpua
090 _aFOLLETO 2313
100 _aSistema Nacional para el Abasto. México
_9147856
110 _aMÉXICO. SISTEMA NACIONAL PARA EL ABASTO
_9154353
245 _aDiagnóstico para la instalación de centros de acopio, aguascalientes granos y oleaginosas /
_c México. Sistema Nacional para el Abasto
260 _aMéxico :
_b Sistema Nacional para el Abasto,
_c1984
300 _aS.P
500 _aS/C
650 _aGranos
_xAguascalientes
_xalmacenamiento
_9154363
700 _aSecretaria de agricultura y recursos hidraulicos. México
_9153214
901 _aFOLLETO 2313
902 _aM
905 _a0000001984 mx 0000000000spa00
942 _cFOLL
_2local
999 _c173727
_d173727